|
|
|
|
| LEADER |
00000nas a22000007a 4500 |
| 005 |
20110902111645.0 |
| 008 |
110902c2009 bl ar|p|s|||| 00| b1por d |
| 022 |
|
|
|a 1984-8161
|
| 035 |
|
|
|a 5586
|
| 040 |
|
|
|a vLex
|
| 090 |
|
|
|c 2347
|d 2347
|
| 245 |
0 |
0 |
|a Revista de Direito, Estado e Telecomunicaė̳s
|h [Recurso electrn̤ico]
|
| 256 |
|
|
|a Servicio en ln̕ea.
|
| 260 |
|
|
|a [Brasil] :
|b Universidade de Brasl̕ia,
|c 2009 -
|
| 300 |
|
|
|a 1 recurso electrn̤ico
|
| 310 |
|
|
|a Anual
|
| 362 |
|
|
|a Nm︢. 1 (2009) -
|
| 500 |
|
|
|a A Revista de Direito, Estado e Telecomunicaė̳s (RDET), do Grupo de Estudos em Direito das Telecomunicaė̳s (GETEL), do Nc︢leo de Direito Setorial e Regulatr̤io da Faculdade de Direito da Universidade de Brasl̕ia (UnB), ̌uma publicaȯ̂ perid̤ica anual em meio impresso (ISSN 1984-9729) e eletrn̥ico (ISSN 1984-8161), dotada de corpo editorial de professores de universidades brasileiras e estrangeiras com especialidade em direito e r̀eas afins.
|
| 506 |
1 |
|
|a Contenido solo disponible en los productos indicados
|d vLex Global
|d vLex Global (Academic Edition, excluding Law Schools)
|d vLex Global (U.S. Academic Edition, Law Schools)
|d vLex Global (U.S. Academic Edition, excluding Law Schools)
|d vLex Global (Academic Edition, Law Schools)
|
| 650 |
0 |
4 |
|a Telecomunicaciones
|z Brasil
|v Revistas
|
| 650 |
0 |
4 |
|a Derecho
|v Revistas
|z Brasil
|
| 740 |
0 |
|
|a vLex Revistas (Servicio en ln̕ea)
|
| 856 |
4 |
0 |
|u http://vlex.com/source/revista-direito-estado-telecomunicacoes-5586
|z Acceso restringido
|
| 942 |
|
|
|c REV
|